Statistiques concernant Pays les plus proches de Cuba - une minute sprint

Cliquez ici pour prendre le quiz!

Statistiques générales

  • Ce quiz a été pris 48 fois
  • Le résultat moyen est 11 sur 20

Statistiques - réponses

kmpays% Correct
149Etats-Unis
91%
85Haïti
91%
197Mexique
84%
255République
dominicaine
84%
146Jamaïque
82%
89Bahamas
70%
630Guatemala
70%
509Belize
66%
642Honduras
66%
716Nicaragua
66%
1151Panama
59%
1168Costa Rica
57%
940Salvador
57%
1179France
32%
891Colombie
30%
968Venezuela
27%
1181Pays-Bas
14%
943Aruba
5%
1014Curaçao
0%
1181Sint Maarten
0%

Distribution des résultats

Percentile par nombre de réponses

% des personnes avec chaque résultat

Votre développement - résultats

Vous n’avez pas pris ce quiz